مكتبة جامعة عجلون الوطنية

فهرس بحث المكتبة

Normal view MARC view
  • العلواني، زينب طه

Entry Personal Name

Number of records used in: 1

001 - CONTROL NUMBER

  • control field: 52311

003 - CONTROL NUMBER IDENTIFIER

  • control field: JO-AjAnu

005 - DATE AND TIME OF LATEST TRANSACTION

  • control field: 20230606082611.0

008 - FIXED-LENGTH DATA ELEMENTS

  • fixed length control field: 230606|| aca||aabn | a|a d

040 ## - CATALOGING SOURCE

  • Original cataloging agency: JO-AjAnu
  • Transcribing agency: JO-AjAnu

100 ## - HEADING--PERSONAL NAME

  • Personal name: العلواني، زينب طه

670 ## - SOURCE DATA FOUND

  • Source citation: Work cat.: (JO-AjAnu)26733: العلواني، زينب طه, author, الأسرة في مقاصد الشريعة : قراءة في قضايا الزواج والطلاق في أمريكا